000 00862nam a22002657a 4500
005 20260525063710.0
008 260525b |||||||| |||| 00| 0 eng d
017 _aLD.0147
018 _a2025
020 _a9789786823737
040 _aNLN
_bEnglish
_eAACR2
050 _aDT515.83.E28
_bA3
082 _a923.8669
100 _aEGBUCHULAM, Ngozi
_eaut
_970653
245 _aThe story i never told :
_bthe unstoppable journey of God's faithfulness /
_cNgozi Egbuchulam
260 _aAbuja (Sky Memorial Complex) :
_bVJ Prints and Publishers,
_c[2026?]
300 _axiv, 105p. ;
_b20cm.
563 _a(pbk.)
650 _aEgbuchulam, Ngozi,
_970654
650 _aJournalists
_vNigeria
_xBiography
_932385
650 _aReminiscing
_9135
650 _aChristian life
_9119
650 _aProvidence and government of God
_vChristianity
_970655
942 _cBK
_n0
999 _c34687
_d34687